000 00489nam a2200169Ia 4500
005 20250326130616.0
008 250326s9999 xx 000 0 und d
037 _aTextbook
040 _aFMSL
_beng
_cFMSL
041 _aeng
_2eng
084 _aZ2673k Q2
_qFMSL
100 _aSabanna T
_9740921
245 0 _aEncyclopedia of intellectual property rights
_cSabanna T
260 _aN
_bN, D Serials Publications
_c2012
942 _cTB
_hZ2673k Q2
999 _c1283304
_d1283304